The transition of youth from school to work : issues and policies.

Furkejuvvon:
Bibliográfalaš dieđut
Váldodahkki: Atchoarena, David ed, (autor)
Eará dahkkit: Bird, Adrienne (autor) (autor)
Materiálatiipa: Girji
Giella:eaŋgalasgiella
Fáttát:
Fáddágilkorat: Lasit fáddágilkoriid
Eai fáddágilkorat, Lasit vuosttaš fáddágilkora!

MARC

LEADER 00000cam^a2200000uu^4500
001 000492097
005 20250521000000.0
008 050901s2000^^^^^^^^^^^^rd^r^^000^0^eng^d
009 20260526150803.503
022 |a 9280311964 
035 |a FCE 000035370 
035 |a FCE 035411 
037 |a Acervo ITESO - Biblioteca 
041 |a eng 
082 0 4 |a 370.331  |b ATCt 
100 |a Atchoarena, David,  |e ed  |e (autor) 
245 1 4 |a The transition of youth from school to work :  |b issues and policies. 
264 |a Paris :  |b UNESCO : IIEP,  |c 2000. 
300 |a 175 p. 
336 |a texto  |b txt  |2 rdacontenido 
337 |a sin mediación  |b n  |2 rdamedio 
338 |a volumen  |b nc  |2 rdasoporte 
649 |a XX 
650 |a Relación educación-trabajo 
650 |a Jóvenes 
650 |a América Latina 
650 |a Corea 
650 |a Kenia 
650 |a Sudáfrica 
700 |a Bird, Adrienne  |e (autor) 
910 |a Fondo Centro de Estudios Educativos 
920 |a Impresos - Libros 
930 |a Fondos Especiales 
905 |a 133 
901 |a ALE035411  |b IT2  |c CEE  |u 20250521 
902 |a https://opac.biblio.iteso.mx/vufind/Record/000492097